LEADER 01255cam a2200349 i 4500 001 991001394919707536 008 110922s2009 a b 001 0 eng d 020 $a9780821847688 020 $a0821847686 035 $ab1400771x-39ule_inst 040 $aDip.to Matematica$beng 082 00$a515.782$222 084 $aAMS 46E35 084 $aAMS 26A24 084 $aAMS 26A27 084 $aAMS 26A30 084 $aAMS 26B30 084 $aLC QA323.L46 100 1 $aLeoni, Giovanni$011256 245 12$aA first course in Sobolev spaces /$cGiovanni Leoni 260 $aProvidence, R. I. :$bAmerican Mathematical Society,$cc2009 300 $axvi, 607 p. :$bill. ;$c27 cm 440 0$aGraduate studies in mathematics,$x1065-7339 ;$v105 504 $aIncludes bibliographical references and index 650 0$aSobolev spaces 856 41$zTable of contents only$uhttp://www.loc.gov/catdir/toc/fy1002/2009007620.html 907 $a.b1400771x$b28-01-14$c22-09-11 912 $a991001394919707536 945 $aLE013 46E LEO11 (2009)$g1$i2013000214375$lle013$op$pE70.81$q-$rl$s- $t0$u1$v3$w1$x0$y.i15346018$z15-11-11 996 $aFirst course in Sobolev spaces$9241748 997 $aUNISALENTO 998 $ale013$b22-09-11$cm$da $e-$feng$griu$h2$i0 LEADER 01159nam a2200301 i 4500 001 991001903829707536 005 20020508183522.0 008 000220s1958 it ||| | ita 035 $ab10930152-39ule_inst 035 $aPARLA150936$9ExL 040 $aDip.to Filosofia$bita 082 0 $a925 100 1 $aGamba, Augusto$028779 245 10$aAlbert Einstein, scienziato e filosofo /$cautobiografia di Einstein e saggi di vari autori a cura di Paul Arthur Schilpp 260 $aTorino :$bEdizioni scientifiche Einaudi di P. Boringhieri,$c1958 300 $aIX, 672 p. :$bill. ;$c22 cm 490 0 $aBiblioteca di cultura scientifica ;$v55 500 $aTrad. A. Gamba 650 4$aEinstein, Albert 700 1 $aEinstein, Albert 700 1 $aSchilpp, Paul Arthur 740 0 $aAlbert Einstein$bphilosopher-scientist 907 $a.b10930152$b23-02-17$c28-06-02 912 $a991001903829707536 945 $aLE005IF III E 18$g1$i2005000252310$lle005$o-$pE0.00$q-$rl$s- $t0$u4$v0$w4$x0$y.i11035146$z28-06-02 996 $aAlbert einstein, scienziato e filosofo$9211719 997 $aUNISALENTO 998 $ale005$b01-01-00$cm$da $e-$fita$git $h0$i1 LEADER 02939nam 2200637Ia 450 001 9910778361403321 005 20230124182700.0 010 $a1-281-73389-X 010 $a9786611733896 010 $a1-931448-07-8 035 $a(CKB)1000000000480435 035 $a(EBL)316101 035 $a(OCoLC)476106450 035 $a(SSID)ssj0000244338 035 $a(PQKBManifestationID)11218529 035 $a(PQKBTitleCode)TC0000244338 035 $a(PQKBWorkID)10165094 035 $a(PQKB)10751478 035 $a(MiAaPQ)EBC316101 035 $a(Au-PeEL)EBL316101 035 $a(CaPaEBR)ebr10195627 035 $a(CaONFJC)MIL173389 035 $a(OCoLC)567843541 035 $a(EXLCZ)991000000000480435 100 $a20080213d2007 uy 0 101 0 $aeng 135 $aur|n|---||||| 181 $ctxt 182 $cc 183 $acr 200 10$aSerial port complete$b[electronic resource] $eCOM ports, USB virtual COM ports, and ports for embedded systems, second edition /$fJan Axelson 205 $a2nd ed. 210 $aMadison, Wis. $cLakeview Research$dc2007 215 $a1 online resource (400 p.) 225 1 $aComplete Guides series 300 $aDescription based upon print version of record. 311 $a1-931448-06-X 320 $aIncludes bibliographic references and index. 327 $aContents; Introduction; Acknowledgments; 1 Options and Choices; 2 Formats and Protocols; 3 COM Ports on PCs; 4 Inside RS-232; 5 Designing RS-232 Links; 6 Inside RS-485; 7 Designing RS-485 Links and Networks; 8 Going Wireless; 9 Using .NET's SerialPort Class; 10 Managing Ports and Transfers in .NET; 11 Ports for Embedded Systems; 12 Network Programming; 13 An RS-485 Network; 14 Inside USB; 15 Using Special-function USB Controllers; 16 Using Generic USB Controllers; Index 330 $aPC COM ports, USB virtual COM ports, and ports in embedded systems are all addressed in this updated guide to programming, interfacing, and using serial ports. Topics include using .NET's SerialPort class for COM-port communications on PCs; upgrading existing RS-232 designs to USB or wireless networks; and creating serial networks of embedded systems and PCs. Example circuits and code provide a quick start to projects. Installation and maintenance staff will also find tips for ensuring reliable operation and problem tracking. 410 0$aComplete Guides series 606 $aComputer interfaces 606 $aPorts (Electronic computer system) 606 $aParallel programming (Computer science) 615 0$aComputer interfaces. 615 0$aPorts (Electronic computer system) 615 0$aParallel programming (Computer science) 676 $a005.2/75 700 $aAxelson$b Jan$01467847 801 0$bMiAaPQ 801 1$bMiAaPQ 801 2$bMiAaPQ 906 $aBOOK 912 $a9910778361403321 996 $aSerial port complete$93678704 997 $aUNINA LEADER 02541nam 2200553 a 450 001 9910972513103321 005 20251117090911.0 010 $a1-61324-553-X 035 $a(CKB)2550000000044246 035 $a(EBL)3019683 035 $a(SSID)ssj0000522353 035 $a(PQKBManifestationID)12179982 035 $a(PQKBTitleCode)TC0000522353 035 $a(PQKBWorkID)10528472 035 $a(PQKB)11065266 035 $a(MiAaPQ)EBC3019683 035 $a(Au-PeEL)EBL3019683 035 $a(CaPaEBR)ebr10671248 035 $a(OCoLC)923661697 035 $a(BIP)27409149 035 $a(EXLCZ)992550000000044246 100 $a20091215d2010 uy 0 101 0 $aeng 135 $aur|n|---||||| 181 $ctxt 182 $cc 183 $acr 200 10$aEnvironmental change and medicine /$fViroj Wiwanitkit 205 $a1st ed. 210 $aNew York $cNova Biomedical Books$dc2010 215 $a1 online resource (92 p.) 225 1 $aEnvironmental health--physical, chemical and biological factors series 300 $aDescription based upon print version of record. 311 08$a1-60876-155-X 320 $aIncludes bibliographical references and index. 327 $aEnvironmental change in medicine : present concepts -- Vector and vector borne disease in situation of present environmental change -- Pathogens in environmental change : mutation to resistance -- Psychopathology responding to environmental change -- Focus on pregnancy and fertility in environmental change -- Environmental change : impact on maternal and child health -- Pediatric focus and immunization requirement -- Geriatric focus -- Global warming and medicine -- Nutritional concern in natural disaster -- Medical economics and political hot issues. 330 $aEnvironmental change is the present focus of our world. Its effect is interesting and should be followed. Based on the success of the previous book "climate change and health", it seems that the topic is of interest to the general readers in both medical and environmental science. Examples and models of important diseases are given in the chapters of this book. 410 0$aEnvironmental health (Nova Science Publishers) 606 $aEnvironmental health 615 0$aEnvironmental health. 676 $a613/.1 700 $aViroj Wiwanitkit$01861671 801 0$bMiAaPQ 801 1$bMiAaPQ 801 2$bMiAaPQ 906 $aBOOK 912 $a9910972513103321 996 $aEnvironmental change and medicine$94479693 997 $aUNINA